Una explosión en mi existencia: mi caso de Parkinson
Salvato in:
| Autore principale: | |
|---|---|
| Natura: | Libro |
| Lingua: | spagnolo |
| Pubblicazione: |
Santiago
Manuel Fábrega Ramírez
2002
|
| Edizione: | 1a. ed |
| Soggetti: | |
| Tags: |
Aggiungi Tag
Nessun Tag, puoi essere il primo ad aggiungerne!!
|
MARC
| LEADER | 00000cam a2200000 a 4500 | ||
|---|---|---|---|
| 001 | UCC1725 | ||
| 003 | CL-VaPUC | ||
| 008 | 171117e20020000cl |||||||||||||||||spa|d | ||
| 082 | 0 | 4 | |a 158.1 |b FAB |2 21 |
| 100 | 0 | |a Fábrega Ramírez, Manuel |e author |9 595793 | |
| 245 | 1 | 4 | |a Una explosión en mi existencia: mi caso de Parkinson |
| 250 | |a 1a. ed | ||
| 300 | |a 128 p | ||
| 942 | |c BK | ||
| 945 | |d 20171117 16:06:00 |a arojas | ||
| 260 | |a Santiago |b Manuel Fábrega Ramírez |c 2002 | ||
| 650 | 7 | |a PARKINSON |2 CL-VaPUC |9 595794 | |
| 650 | 7 | |a ENFERMEDADES DEL SISTEMA NERVIOSO |2 CL-VaPUC |9 269801 | |
| 650 | 0 | |a Espiritualidad |9 267331 | |
| 650 | 7 | |a PSICOLOGIA POSITIVA |2 CL-VaPUC |9 538301 | |
| 583 | |a last modification |c 20171117 16:06:00 |k Rodrigo Vera | ||
| 999 | |c 370117 |d 370115 | ||
| 952 | |0 0 |1 0 |3 erb |4 0 |6 158_100000000000000_FAB_2002 |7 0 |8 A |9 486422 |a BIBEDU |b BIBEDU |i 5437431 |o 158.1 FAB 2002 |p 5437431 |r 2019-11-24 |w 2019-11-24 |y BK |z Catalogado en:20171117 |k LIT | ||